00478 2200193 4500001002100000005001500021035002000036007000300056008004100059020001800100082000800118084001400126100001300140245006400153260003200217856001700249990000900266990000900275INLIS00000000000098220220914084530 a0010-0922000263ta220914 g 0 ind  a9789793077413 a510 a510 WAH p0 aWahyudin1 aPengenalan matematika dasar 1 :bbuku pengayaan untuk siswa aJakarta :bIPA Abong,c2008 aKoleksi Umum a1754 a1755